[Event "CYCC U12"]
[Site "Vancouver CAN"]
[Date "2012.07.05"]
[Round "5"]
[White "Wu, Brenden"]
[Black "Hou, Frank Gui"]
[Result "0-1"]
[WhiteElo "860"]
[BlackElo "1200"]
[PlyCount "92"]
[GameId "2160767909508760"]
[EventDate "2012.07.03"]
[EventType "swiss"]
[EventRounds "7"]
[EventCountry "CAN"]
[SourceTitle "EXT 2022"]
[Source "ChessBase"]
[SourceDate "2021.10.06"]
[SourceVersion "1"]
[SourceVersionDate "2021.10.06"]
[SourceQuality "1"]

1. d4 d5 2. Bf4 Nf6 3. Nf3 Bg4 4. e3 Nbd7 5. Nbd2 c5 6. c3 c4 7. b3 b5 8. a4 a6 9. a5 Ne4 10. Qc2 Bf5 11. Qb2 e6 12. Nxe4 Bxe4 13. Be2 Nf6 14. h3 Bd6 15. Bxd6 Qxd6 16. b4 O-O 17. O-O-O Bxf3 18. gxf3 e5 19. Rhg1 exd4 20. cxd4 Rac8 21. Qc3 Qh2 22. Rdf1 Qxh3 23. Rg3 Qh5 24. Rfg1 g6 25. Qe1 c3 26. f4 Qh6 27. Rh1 Qg7 28. f5 Ne4 29. Rg2 Rfd8 30. fxg6 fxg6 31. Bg4 Rc6 32. f4 Rdd6 33. Rhg1 Kf7 34. f5 Ke7 35. Qh4+ g5 36. Qe1 Rc4 37. Rh1 Rh6 38. Rxh6 Qxh6 39. Bf3 Rxb4 40. Bxe4 dxe4 41. Kc2 Rb2+ 42. Kxc3 Rxg2 43. Qf1 Qc6+ 44. Kb3 Qc2+ 45. Kb4 Qc4+ 46. Ka3 Qxf1 0-1

[Event "CYCC U12"]
[Site "Vancouver CAN"]
[Date "2012.07.05"]
[Round "5"]
[White "Xu, Jingzhi"]
[Black "Lin, Alex"]
[Result "0-1"]
[WhiteElo "1317"]
[BlackElo "1204"]
[PlyCount "86"]
[GameId "2160767909508761"]
[EventDate "2012.07.03"]
[EventType "swiss"]
[EventRounds "7"]
[EventCountry "CAN"]
[SourceTitle "EXT 2022"]
[Source "ChessBase"]
[SourceDate "2021.10.06"]
[SourceVersion "1"]
[SourceVersionDate "2021.10.06"]
[SourceQuality "1"]

1. e4 e5 2. Bc4 Nf6 3. Nf3 Nc6 4. Nc3 Nxe4 5. Nxe4 d5 6. Bxd5 Qxd5 7. Nc3 Qd8 8. d3 Bb4 9. Bd2 O-O 10. a3 Bd6 11. O-O Nd4 12. Nxd4 exd4 13. Ne4 c5 14. Nxd6 Qxd6 15. b4 b6 16. bxc5 bxc5 17. Rb1 Be6 18. Re1 Rab8 19. Rxb8 Rxb8 20. Qa1 Rd8 21. a4 c4 22. Ba5 Rc8 23. Bd2 cxd3 24. cxd3 Bf5 25. Bg5 f6 26. Qa2+ Kh8 27. Qc2 h6 28. Qe2 fxg5 29. Qf3 Qe6 30. Kf1 Qg6 31. Rd1 h5 32. h3 g4 33. hxg4 Qxg4 34. Qxg4 Bxg4 35. f3 Bd7 36. a5 Rc5 37. Ra1 Bb5 38. Ra3 Rc3 39. Rxc3 dxc3 40. Ke2 g5 41. Ke3 Kg7 42. d4 Kf6 43. g3 h4 0-1

[Event "CYCC U12"]
[Site "Vancouver CAN"]
[Date "2012.07.05"]
[Round "5"]
[White "Zheng, Maven"]
[Black "Baskaran, Karthik"]
[Result "1-0"]
[WhiteElo "954"]
[BlackElo "746"]
[PlyCount "71"]
[GameId "2160767909508762"]
[EventDate "2012.07.03"]
[EventType "swiss"]
[EventRounds "7"]
[EventCountry "CAN"]
[SourceTitle "EXT 2022"]
[Source "ChessBase"]
[SourceDate "2021.10.06"]
[SourceVersion "1"]
[SourceVersionDate "2021.10.06"]
[SourceQuality "1"]

1. e4 e5 2. Nf3 Nc6 3. Bc4 Bc5 4. Nc3 Nf6 5. d3 h6 6. Bb5 O-O 7. Bxc6 dxc6 8. Nxe5 Re8 9. Nf3 Bg4 10. h3 Bh5 11. g4 Nxg4 12. hxg4 Bxg4 13. Rg1 h5 14. Bf4 Qf6 15. Qd2 Bxf3 16. Rg3 Bg4 17. f3 Bd7 18. O-O-O Bd6 19. Bxd6 cxd6 20. Qh2 Qf4+ 21. Kb1 g6 22. Rxg6+ fxg6 23. Qxf4 Kg7 24. Qxd6 Rad8 25. Qd4+ Kh7 26. Qe3 h4 27. Rh1 h3 28. Ne2 Kg7 29. Ng1 Rh8 30. f4 h2 31. Nf3 Rh3 32. Rxh2 Rxh2 33. Nxh2 Rh8 34. Qd4+ Kg8 35. Nf3 Rh1+ 36. Ng1 1-0

[Event "CYCC U12"]
[Site "Vancouver CAN"]
[Date "2012.07.05"]
[Round "5"]
[White "Zhou, You"]
[Black "Banwait, Gursimmer"]
[Result "1-0"]
[WhiteElo "935"]
[BlackElo "1053"]
[PlyCount "35"]
[GameId "2160767909508763"]
[EventDate "2012.07.03"]
[EventType "swiss"]
[EventRounds "7"]
[EventCountry "CAN"]
[SourceTitle "EXT 2022"]
[Source "ChessBase"]
[SourceDate "2021.10.06"]
[SourceVersion "1"]
[SourceVersionDate "2021.10.06"]
[SourceQuality "1"]

1. e4 e5 2. Nf3 Nc6 3. Bc4 Bc5 4. Nc3 Nf6 5. d3 d6 6. h3 h6 7. O-O Bxh3 8. gxh3 Nd4 9. Be3 Nxf3+ 10. Qxf3 Qd7 11. Bxc5 dxc5 12. Bb5 c6 13. Bc4 O-O 14. Kh2 h5 15. Rg1 g6 16. Qxf6 Rae8 17. Rxg6+ Kh7 18. Qg7# 1-0

[Event "CYCC U12"]
[Site "Vancouver CAN"]
[Date "2012.07.05"]
[Round "6"]
[White "Banwait, Gursimmer"]
[Black "Kolobaric, Nikola"]
[Result "1-0"]
[WhiteElo "1053"]
[BlackElo "990"]
[PlyCount "53"]
[GameId "2160767909508764"]
[EventDate "2012.07.03"]
[EventType "swiss"]
[EventRounds "7"]
[EventCountry "CAN"]
[SourceTitle "EXT 2022"]
[Source "ChessBase"]
[SourceDate "2021.10.06"]
[SourceVersion "1"]
[SourceVersionDate "2021.10.06"]
[SourceQuality "1"]

1. e4 d5 2. exd5 Qxd5 3. Nc3 Qd8 4. Nf3 Bg4 5. h3 Bxf3 6. Qxf3 Nc6 7. Bc4 Nf6 8. d3 e6 9. Bg5 Be7 10. O-O-O Nd4 11. Qe3 O-O 12. Ne4 Nxe4 13. Bxe7 Qxe7 14. dxe4 e5 15. c3 Nc6 16. Rd2 Rad8 17. Rhd1 Rxd2 18. Rxd2 a6 19. Bd5 Na5 20. b4 Nc6 21. Bxc6 bxc6 22. Qc5 Qxc5 23. bxc5 a5 24. Rd7 Re8 25. Rxc7 Re6 26. Rc8+ Re8 27. Rxe8# 1-0

[Event "CYCC U12"]
[Site "Vancouver CAN"]
[Date "2012.07.05"]
[Round "6"]
[White "Baskaran, Karthik"]
[Black "Tolentino, Andre Angelo"]
[Result "1-0"]
[WhiteElo "746"]
[BlackElo "889"]
[PlyCount "61"]
[GameId "2160767909508765"]
[EventDate "2012.07.03"]
[EventType "swiss"]
[EventRounds "7"]
[EventCountry "CAN"]
[SourceTitle "EXT 2022"]
[Source "ChessBase"]
[SourceDate "2021.10.06"]
[SourceVersion "1"]
[SourceVersionDate "2021.10.06"]
[SourceQuality "1"]

1. e4 e5 2. Nf3 Nc6 3. Bc4 Nf6 4. Ng5 d5 5. exd5 Nd4 6. Nc3 Nxd5 7. Nxf7 Nxc3 8. dxc3 Qe7 9. O-O Be6 10. Bxe6 Nxe6 11. Nxh8 g6 12. Re1 Bg7 13. Nxg6 hxg6 14. Qg4 Qf7 15. Bg5 Bf6 16. Bxf6 Qxf6 17. Rad1 g5 18. Qh5+ Ke7 19. Qh7+ Kf8 20. Qe4 Nf4 21. Qxe5 Qxe5 22. Rxe5 b6 23. Rxg5 Re8 24. Rf5+ Kg7 25. Rxf4 c5 26. h3 Re2 27. Rc1 a5 28. a3 b5 29. b4 axb4 30. cxb4 cxb4 31. Rxb4 1-0

[Event "CYCC U12"]
[Site "Vancouver CAN"]
[Date "2012.07.05"]
[Round "6"]
[White "Cao, Jason"]
[Black "Knox, Nathaniel"]
[Result "1-0"]
[WhiteElo "2031"]
[BlackElo "1177"]
[PlyCount "105"]
[GameId "2160767909508766"]
[EventDate "2012.07.03"]
[EventType "swiss"]
[EventRounds "7"]
[EventCountry "CAN"]
[SourceTitle "EXT 2022"]
[Source "ChessBase"]
[SourceDate "2021.10.06"]
[SourceVersion "1"]
[SourceVersionDate "2021.10.06"]
[SourceQuality "1"]

1. e4 e5 2. Nf3 Nf6 3. Nxe5 d6 4. Nf3 Nxe4 5. Nc3 Nxc3 6. dxc3 g6 7. Be3 Bg7 8. Qd2 Bg4 9. O-O-O Bxf3 10. gxf3 O-O 11. h4 h5 12. Bc4 Nd7 13. f4 Kh7 14. f5 Ne5 15. Be2 Qf6 16. f4 Ng4 17. Bxg4 hxg4 18. fxg6+ Qxg6 19. h5 Qf5 20. h6 Bf6 21. Qg2 Rae8 22. Bd2 c6 23. Kb1 Rg8 24. Qf2 Rg6 25. Qxa7 Re7 26. Qb8 d5 27. Qa7 g3 28. Rhg1 g2 29. Qf2 Qh3 30. Be1 Qe3 31. Qxe3 Rxe3 32. Bf2 Re2 33. Bc5 Kxh6 34. Rd3 Kg7 35. Kc1 d4 36. cxd4 Rf2 37. d5 Rf1+ 38. Rd1 Rxf4 39. d6 Bd8 40. d7 Rc4 41. Bd4+ f6 42. b3 Rb4 43. c4 b5 44. Bc5 f5 45. Bxb4 f4 46. Rd3 Kh6 47. Rh3+ Kg7 48. Rf3 Rg4 49. Rf2 f3 50. Rxf3 bxc4 51. bxc4 Rxc4+ 52. Bc3+ Kh6 53. Rxg2 1-0

[Event "CYCC U12"]
[Site "Vancouver CAN"]
[Date "2012.07.05"]
[Round "6"]
[White "Chen, Daniel1"]
[Black "Zhou, You"]
[Result "1/2-1/2"]
[WhiteElo "1055"]
[BlackElo "935"]
[PlyCount "71"]
[GameId "2160767909508767"]
[EventDate "2012.07.03"]
[EventType "swiss"]
[EventRounds "7"]
[EventCountry "CAN"]
[SourceTitle "EXT 2022"]
[Source "ChessBase"]
[SourceDate "2021.10.06"]
[SourceVersion "1"]
[SourceVersionDate "2021.10.06"]
[SourceQuality "1"]

1. e4 e5 2. Nf3 Nc6 3. Bc4 Bc5 4. c3 Nf6 5. d3 h6 6. Bb3 d6 7. h3 Be6 8. Bc2 O-O 9. O-O Qd7 10. Re1 Bxh3 11. Be3 Bg4 12. Nbd2 Bxf3 13. Nxf3 Qg4 14. Bxc5 dxc5 15. Nd2 Qg6 16. Nf1 Qg4 17. Ne3 Qxd1 18. Raxd1 Rfe8 19. Nf5 h5 20. g3 g6 21. Nh4 Rad8 22. f3 Rd6 23. Kf2 Red8 24. Ke2 Kf8 25. Rh1 Kg7 26. f4 exf4 27. gxf4 Ne7 28. e5 Re6 29. d4 cxd4 30. cxd4 Ned5 31. Kf3 Nh7 32. f5 Ng5+ 33. Kf2 Rb6 34. f6+ Kh6 35. Bb3 Nb4 36. Ke3 1/2-1/2

[Event "CYCC U12"]
[Site "Vancouver CAN"]
[Date "2012.07.05"]
[Round "6"]
[White "Dawson, Jeffrey"]
[Black "Zheng, Maven"]
[Result "1-0"]
[WhiteElo "1224"]
[BlackElo "954"]
[PlyCount "67"]
[GameId "2160767909508768"]
[EventDate "2012.07.03"]
[EventType "swiss"]
[EventRounds "7"]
[EventCountry "CAN"]
[SourceTitle "EXT 2022"]
[Source "ChessBase"]
[SourceDate "2021.10.06"]
[SourceVersion "1"]
[SourceVersionDate "2021.10.06"]
[SourceQuality "1"]

1. c4 e5 2. Nc3 Nc6 3. g3 Bc5 4. Bg2 Nf6 5. e3 d6 6. Nge2 Be6 7. b3 O-O 8. O-O d5 9. cxd5 Bxd5 10. Nxd5 Nxd5 11. Bb2 Nde7 12. d4 Bd6 13. d5 Na5 14. Rc1 c6 15. e4 Rc8 16. Qd2 b6 17. f4 exf4 18. Nxf4 Bxf4 19. gxf4 cxd5 20. exd5 Nb7 21. Rfd1 Qd7 22. d6 Ng6 23. Qd4 f6 24. Rxc8 Qxc8 25. d7 Qb8 26. Qd5+ Kh8 27. Qxb7 Qd8 28. Rc1 Qe7 29. Qc8 Qe3+ 30. Kh1 Rg8 31. Qxg8+ Kxg8 32. Bd5+ Kf8 33. Ba3+ Qc5 34. d8=Q# 1-0

[Event "CYCC U12"]
[Site "Vancouver CAN"]
[Date "2012.07.05"]
[Round "6"]
[White "Gedajlovic, Max"]
[Black "Cheung, Lukas"]
[Result "1/2-1/2"]
[WhiteElo "1695"]
[BlackElo "1429"]
[PlyCount "143"]
[GameId "2160767909508769"]
[EventDate "2012.07.03"]
[EventType "swiss"]
[EventRounds "7"]
[EventCountry "CAN"]
[SourceTitle "EXT 2022"]
[Source "ChessBase"]
[SourceDate "2021.10.06"]
[SourceVersion "1"]
[SourceVersionDate "2021.10.06"]
[SourceQuality "1"]

1. d4 d5 2. c4 c6 3. Nf3 Nf6 4. Nc3 e6 5. e3 Nbd7 6. Be2 Bd6 7. O-O O-O 8. Qc2 e5 9. dxe5 Nxe5 10. cxd5 cxd5 11. Rd1 Ng6 12. Nb5 Be6 13. Nxd6 Qxd6 14. h3 Rac8 15. Qd3 Rfd8 16. b3 Ne5 17. Nxe5 Qxe5 18. Qd4 Qxd4 19. Rxd4 Ne4 20. Bd3 h6 21. Bb2 f5 22. Rd1 Re8 23. Rb4 b6 24. Rd4 Rc5 25. Ra4 Ra8 26. Bd4 Rcc8 27. Ba6 Rc7 28. Be5 Re7 29. Bd4 Rb8 30. Bd3 Rc8 31. Bxe4 dxe4 32. Rd2 Rd7 33. Kf1 Rdc7 34. Be5 Re7 35. Bb2 b5 36. Rad4 Kf7 37. Ke2 Rec7 38. Rb4 a6 39. Rbd4 Rc2 40. Rd6 a5 41. Ra6 a4 42. Ra7+ R2c7 43. Rxc7+ Rxc7 44. bxa4 Bxa2 45. axb5 Bc4+ 46. Ke1 Bxb5 47. Rd5 Bd7 48. Be5 Rb7 49. Rd1 Ba4 50. Rc1 g5 51. Rc7+ Rxc7 52. Bxc7 Kg6 53. g3 Bc2 54. Kf1 Bd3+ 55. Kg2 Be2 56. Be5 Bf3+ 57. Kh2 h5 58. Bd6 g4 59. h4 Kf6 60. Kg1 Ke6 61. Bf4 Kd5 62. Bg5 Kc4 63. Bf6 Kd3 64. Be5 Ke2 65. Bf4 Ke1 66. Bg5 Kd2 67. Bf4 Ke1 68. Bg5 Kd1 69. Bf4 Kc2 70. Bg5 Kd3 71. Bf4 Kd2 72. Bg5 1/2-1/2

[Event "CYCC U12"]
[Site "Vancouver CAN"]
[Date "2012.07.05"]
[Round "6"]
[White "Han, Lionel"]
[Black "Jayaweera, Lahiru"]
[Result "1/2-1/2"]
[WhiteElo "1521"]
[BlackElo "1125"]
[PlyCount "83"]
[GameId "2160767909508770"]
[EventDate "2012.07.03"]
[EventType "swiss"]
[EventRounds "7"]
[EventCountry "CAN"]
[SourceTitle "EXT 2022"]
[Source "ChessBase"]
[SourceDate "2021.10.06"]
[SourceVersion "1"]
[SourceVersionDate "2021.10.06"]
[SourceQuality "1"]

1. e4 c6 2. d4 d5 3. Nc3 dxe4 4. Nxe4 Bf5 5. Ng3 Bg6 6. Nf3 Nd7 7. Bd3 Bxd3 8. Qxd3 Qc7 9. c3 Ngf6 10. O-O g6 11. Re1 Bg7 12. b3 e6 13. Ba3 O-O-O 14. Ng5 Nf8 15. Qc2 Bh6 16. N5e4 Nxe4 17. Nxe4 Bg7 18. Rab1 e5 19. dxe5 Bxe5 20. h3 Ne6 21. b4 Rhe8 22. Nd2 f5 23. Nf3 Bd6 24. c4 Bf8 25. Qb3 c5 26. bxc5 Bxc5 27. Bb2 Qb6 28. Qc2 Qc7 29. Be5 Bd6 30. Bf6 Rd7 31. Ng5 Ng7 32. Bxg7 Rxe1+ 33. Rxe1 Rxg7 34. Ne6 Re7 35. Qc3 Qd7 36. c5 Bc7 37. Nxc7 Rxe1+ 38. Qxe1 Qxc7 39. Qe8+ Qd8 40. Qe6+ Qd7 41. Qg8+ Kc7 42. Qc4 1/2-1/2

[Event "CYCC U12"]
[Site "Vancouver CAN"]
[Date "2012.07.05"]
[Round "6"]
[White "Hastings, Luke"]
[Black "Li, Kevin1"]
[Result "1-0"]
[WhiteElo "896"]
[BlackElo "725"]
[PlyCount "73"]
[GameId "2160767909508771"]
[EventDate "2012.07.03"]
[EventType "swiss"]
[EventRounds "7"]
[EventCountry "CAN"]
[SourceTitle "EXT 2022"]
[Source "ChessBase"]
[SourceDate "2021.10.06"]
[SourceVersion "1"]
[SourceVersionDate "2021.10.06"]
[SourceQuality "1"]

1. e4 e6 2. d4 d5 3. Nd2 c5 4. Ngf3 Qb6 5. c3 Nc6 6. exd5 Nce7 7. Nb3 Nxd5 8. c4 Nb4 9. Bd3 Bd6 10. O-O Bd7 11. Be3 e5 12. Re1 cxd4 13. Bxd4 Bc5 14. Rxe5+ Ne7 15. Rxc5 Nxd3 16. Qxd3 O-O 17. Rh5 g6 18. Bxb6 axb6 19. Ng5 Bf5 20. Qg3 gxh5 21. Ne6+ Bg4 22. Nxf8 Kxf8 23. h3 Be6 24. Rc1 Rxa2 25. c5 Rxb2 26. Nd4 Nf5 27. Nxe6+ Ke7 28. Qe5 fxe6 29. Qxb2 bxc5 30. Qxb7+ Kf6 31. Rxc5 Nd6 32. Qd7 Ne4 33. Qd4+ Kg6 34. Qxe4+ Kf6 35. Rc6 Kg5 36. Qe5+ Kh6 37. Qf6# 1-0

[Event "CYCC U12"]
[Site "Vancouver CAN"]
[Date "2012.07.05"]
[Round "6"]
[White "Hou, Frank Gui"]
[Black "Xu, Jingzhi"]
[Result "1-0"]
[WhiteElo "1200"]
[BlackElo "1317"]
[PlyCount "39"]
[GameId "2160767909508772"]
[EventDate "2012.07.03"]
[EventType "swiss"]
[EventRounds "7"]
[EventCountry "CAN"]
[SourceTitle "EXT 2022"]
[Source "ChessBase"]
[SourceDate "2021.10.06"]
[SourceVersion "1"]
[SourceVersionDate "2021.10.06"]
[SourceQuality "1"]

1. e4 e5 2. Nf3 Nc6 3. Bb5 Bc5 4. Nxe5 Bxf2+ 5. Kxf2 Nxe5 6. Rf1 Nf6 7. d4 Nc6 8. Nc3 a6 9. Bxc6 dxc6 10. Kg1 Bg4 11. Qd3 Be6 12. Bg5 h6 13. Bxf6 gxf6 14. Rae1 Kf8 15. d5 cxd5 16. exd5 Bd7 17. Ne4 f5 18. Ng3 Qg5 19. Nxf5 Rg8 20. Qa3+ 1-0

[Event "CYCC U12"]
[Site "Vancouver CAN"]
[Date "2012.07.05"]
[Round "6"]
[White "Katz, Matthew"]
[Black "Goldblatt, Taylor"]
[Result "1-0"]
[WhiteElo "660"]
[BlackElo "426"]
[PlyCount "75"]
[GameId "2160767909508773"]
[EventDate "2012.07.03"]
[EventType "swiss"]
[EventRounds "7"]
[EventCountry "CAN"]
[SourceTitle "EXT 2022"]
[Source "ChessBase"]
[SourceDate "2021.10.06"]
[SourceVersion "1"]
[SourceVersionDate "2021.10.06"]
[SourceQuality "1"]

1. e4 e5 2. Nc3 Bb4 3. Bc4 Nf6 4. Qe2 d6 5. Nf3 Bg4 6. O-O Nc6 7. Qe3 Nd7 8. Ng5 Bc5 9. Qg3 Qxg5 10. d4 Qg6 11. dxc5 Nxc5 12. Nd5 O-O 13. Bb5 Rae8 14. Nxc7 Nxe4 15. Qh4 Rc8 16. Nd5 Rfe8 17. Bxc6 Rxc6 18. Ne7+ Rxe7 19. Qxe7 Rc8 20. Rd1 Bxd1 21. Qxb7 Rf8 22. Kf1 Qf6 23. Qxe4 Qg6 24. Qe3 Qxc2 25. Bd2 Qc4+ 26. Kg1 Bg4 27. Rc1 Qxa2 28. Qc3 Qd5 29. f3 Bf5 30. Be3 a6 31. Qa3 Qb7 32. Rd1 d5 33. Qa5 d4 34. f4 dxe3 35. Rd8 h6 36. fxe5 Qxb2 37. Rxf8+ Kxf8 38. Qd8# 1-0

[Event "CYCC U12"]
[Site "Vancouver CAN"]
[Date "2012.07.05"]
[Round "6"]
[White "Lee, Nicholas"]
[Black "Taylor, Tristan"]
[Result "1-0"]
[WhiteElo "1750"]
[BlackElo "1219"]
[PlyCount "71"]
[GameId "2160767909508774"]
[EventDate "2012.07.03"]
[EventType "swiss"]
[EventRounds "7"]
[EventCountry "CAN"]
[SourceTitle "EXT 2022"]
[Source "ChessBase"]
[SourceDate "2021.10.06"]
[SourceVersion "1"]
[SourceVersionDate "2021.10.06"]
[SourceQuality "1"]

1. e4 c5 2. Nc3 g6 3. Bc4 d6 4. d3 Bg7 5. Nge2 Nf6 6. O-O a6 7. a4 Nc6 8. Be3 O-O 9. h3 Re8 10. Qd2 Bd7 11. Rad1 Rc8 12. Nd5 Nxd5 13. Bxd5 e6 14. Bc4 Na5 15. b3 Nxc4 16. dxc4 Rc6 17. Bf4 e5 18. Bg5 Qb8 19. Nc3 Be6 20. a5 f6 21. Bh4 Rf8 22. Nd5 Bxd5 23. Qxd5+ Kh8 24. f3 Qd8 25. Be1 Qd7 26. Bf2 Qc7 27. b4 Rf7 28. b5 axb5 29. cxb5 Bf8 30. bxc6 bxc6 31. Qa2 f5 32. Rb1 Bh6 33. a6 Qa7 34. Rb8+ Kg7 35. Rfb1 fxe4 36. R1b7 1-0

[Event "CYCC U12"]
[Site "Vancouver CAN"]
[Date "2012.07.05"]
[Round "6"]
[White "Lin, Alex"]
[Black "Chen, Richard"]
[Result "0-1"]
[WhiteElo "1204"]
[BlackElo "1880"]
[PlyCount "130"]
[GameId "2160767909508775"]
[EventDate "2012.07.03"]
[EventType "swiss"]
[EventRounds "7"]
[EventCountry "CAN"]
[SourceTitle "EXT 2022"]
[Source "ChessBase"]
[SourceDate "2021.10.06"]
[SourceVersion "1"]
[SourceVersionDate "2021.10.06"]
[SourceQuality "1"]

1. e4 c5 2. c3 Nf6 3. e5 Nd5 4. d4 cxd4 5. cxd4 e6 6. Nf3 Nc6 7. Nc3 d6 8. Nxd5 exd5 9. Bg5 Be7 10. Bxe7 Qxe7 11. Bb5 O-O 12. O-O Bg4 13. Bxc6 bxc6 14. Re1 Rfe8 15. exd6 Qxd6 16. Qd3 f6 17. Rac1 Qf4 18. Nd2 Bf5 19. Qc3 Kf7 20. Nb3 Qd6 21. Qc5 Qxc5 22. Nxc5 Rab8 23. Rxe8 Rxe8 24. Nb7 Re2 25. Nd8+ Ke8 26. Nxc6 Rxb2 27. Nxa7 Bd7 28. Nc8 Kd8 29. Nd6 Ke7 30. g3 Kxd6 31. a3 Rd2 32. Kg2 Rxd4 33. Ra1 Bc6 34. Kf3 g5 35. Ke3 Re4+ 36. Kd3 Bb5+ 37. Kc3 Re2 38. Kb4 Bc4 39. a4 Rxf2 40. a5 Rxh2 41. a6 Rb2+ 42. Kc3 Rb8 43. Rh1 Rb3+ 44. Kc2 Ra3 45. Kb2 Rxa6 46. Rxh7 Ra2+ 47. Kc1 Ra3 48. Rh6 Ke5 49. g4 Rg3 50. Kd2 Rxg4 51. Rh3 Rd4+ 52. Kc3 Rd3+ 53. Rxd3 Bxd3 54. Kxd3 g4 55. Ke3 d4+ 56. Kf2 d3 57. Ke3 g3 58. Kxd3 g2 59. Kc4 g1=Q 60. Kc3 Qd4+ 61. Kb3 Kd5 62. Kc2 Kc4 63. Kc1 Qf2 64. Kb1 Kb3 65. Kc1 Qc2# 0-1

[Event "CYCC U12"]
[Site "Vancouver CAN"]
[Date "2012.07.05"]
[Round "6"]
[White "Liu, Ryan"]
[Black "Lee, Stefano"]
[Result "1-0"]
[WhiteElo "852"]
[BlackElo "986"]
[PlyCount "95"]
[GameId "2160767909508776"]
[EventDate "2012.07.03"]
[EventType "swiss"]
[EventRounds "7"]
[EventCountry "CAN"]
[SourceTitle "EXT 2022"]
[Source "ChessBase"]
[SourceDate "2021.10.06"]
[SourceVersion "1"]
[SourceVersionDate "2021.10.06"]
[SourceQuality "1"]

1. e4 c6 2. d4 d5 3. Nc3 dxe4 4. Nxe4 Bf5 5. f3 Nd7 6. g4 Bg6 7. Qe2 e5 8. dxe5 Nxe5 9. Nc3 Qh4+ 10. Kd1 O-O-O+ 11. Bd2 Qg5 12. Nh3 Qe7 13. Kc1 Nf6 14. Bg5 Qc5 15. Be3 Qb4 16. Bxa7 Bc5 17. Bxc5 Qxc5 18. f4 Nexg4 19. Rg1 Bf5 20. Bg2 Rhe8 21. Qf1 Bg6 22. Bf3 Qf5 23. Bxg4 Qxg4 24. Rxg4 Nxg4 25. b3 f6 26. Kb2 Bf7 27. Qg2 Ne3 28. Qxg7 Bh5 29. Nf2 b5 30. Qxf6 Rd2 31. Qxc6+ Kd8 32. Nfe4 Rxc2+ 33. Ka3 Rxe4 34. Qxe4 Rxc3 35. Qd4+ Nd5 36. Qxd5+ Ke7 37. Qxh5 Rd3 38. Qxh7+ Kf8 39. Qxd3 Ke7 40. Rc1 Kf6 41. Qd5 Ke7 42. Re1+ Kf6 43. Re6+ Kf7 44. Rb6+ Ke8 45. Qb7 Kf8 46. Qa8+ Ke7 47. Qa7+ Ke8 48. Rb8# 1-0

[Event "CYCC U12"]
[Site "Vancouver CAN"]
[Date "2012.07.05"]
[Round "6"]
[White "Olechko, Nikita"]
[Black "Brewster, Paula"]
[Result "1-0"]
[WhiteElo "566"]
[BlackElo "1341"]
[PlyCount "157"]
[GameId "2160767909508777"]
[EventDate "2012.07.03"]
[EventType "swiss"]
[EventRounds "7"]
[EventCountry "CAN"]
[SourceTitle "EXT 2022"]
[Source "ChessBase"]
[SourceDate "2021.10.06"]
[SourceVersion "1"]
[SourceVersionDate "2021.10.06"]
[SourceQuality "1"]

1. e4 c5 2. Nf3 e6 3. Bc4 a6 4. d4 b5 5. Bd3 cxd4 6. Nxd4 Qc7 7. Nf3 Bb7 8. O-O d6 9. Nc3 Nf6 10. Re1 Nbd7 11. Bf4 Be7 12. e5 Nd5 13. Nxd5 Bxd5 14. Be4 Bxe4 15. Rxe4 d5 16. Re2 O-O 17. b3 Rac8 18. Rc1 Ba3 19. Rb1 Nc5 20. b4 Ne4 21. Qe1 Nc3 22. Rb3 Nxe2+ 23. Qxe2 Qxc2 24. Qxc2 Rxc2 25. Rxa3 Rb2 26. h3 Rxb4 27. Bd2 Ra4 28. Rxa4 bxa4 29. Bb4 Rb8 30. a3 Rc8 31. Nd4 Rc4 32. Nf3 d4 33. g3 d3 34. Kf1 a5 35. Bxa5 Kf8 36. Bb4+ Ke8 37. Ke1 Re4+ 38. Kd2 Re2+ 39. Kxd3 Rxf2 40. Nd4 Rg2 41. Ne2 Kd7 42. h4 Kc6 43. Bd6 Rf2 44. h5 Kd5 45. Nc3+ Kc6 46. Nxa4 Rf3+ 47. Kc4 Rxg3 48. Nc3 Rh3 49. a4 Rxh5 50. a5 Rh1 51. a6 Kb6 52. Bf8 g5 53. Kb4 g4 54. Ne4 Kxa6 55. Kc4 h5 56. Kd3 h4 57. Ke2 g3 58. Kf3 Rh2 59. Nxg3 Rh3 60. Kg4 Rxg3+ 61. Kxh4 Re3 62. Bg7 Kb5 63. Kg5 Rg3+ 64. Kf6 Rxg7 65. Kxg7 Kc5 66. Kxf7 Kd5 67. Kf6 Kc6 68. Kxe6 Kc7 69. Ke7 Kc8 70. Ke8 Kc7 71. e6 Kd6 72. Kf7 Kc7 73. e7 Kd6 74. e8=Q Kc5 75. Qd7 Kb4 76. Qc8 Kb3 77. Ke6 Kb2 78. Kd5 Ka1 79. Qb7 1-0

[Event "CYCC U12"]
[Site "Vancouver CAN"]
[Date "2012.07.05"]
[Round "6"]
[White "Rapin, Calvin"]
[Black "Lachance, Tristan"]
[Result "0-1"]
[WhiteElo "847"]
[BlackElo "1156"]
[PlyCount "118"]
[GameId "2160767909508778"]
[EventDate "2012.07.03"]
[EventType "swiss"]
[EventRounds "7"]
[EventCountry "CAN"]
[SourceTitle "EXT 2022"]
[Source "ChessBase"]
[SourceDate "2021.10.06"]
[SourceVersion "1"]
[SourceVersionDate "2021.10.06"]
[SourceQuality "1"]

1. d4 d5 2. c4 e6 3. e3 Nf6 4. cxd5 exd5 5. Nc3 Bb4 6. Bd2 Bg4 7. f3 Bf5 8. e4 dxe4 9. fxe4 Nxe4 10. Nxe4 Bxd2+ 11. Qxd2 Bxe4 12. Qe3 O-O 13. O-O-O Re8 14. Nf3 Nc6 15. Qg5 Bxf3 16. Qxd8 Raxd8 17. gxf3 Nxd4 18. Bg2 Ne2+ 19. Kc2 Nd4+ 20. Kc1 Re2 21. Rd2 Rxd2 22. Kxd2 Nxf3+ 23. Kc3 Re8 24. Bxf3 Re3+ 25. Kd4 Rxf3 26. Re1 Rf4+ 27. Kd5 Rf5+ 28. Ke4 g6 29. Rd1 Kg7 30. Rd7 Rc5 31. b4 Rc4+ 32. Rd4 Rxd4+ 33. Kxd4 Kf6 34. Kd5 c6+ 35. Kc5 g5 36. Kd6 h5 37. Kc7 h4 38. Kxb7 g4 39. Kxa7 g3 40. b5 cxb5 41. hxg3 hxg3 42. Kb6 g2 43. Kxb5 g1=Q 44. a4 Qb1+ 45. Ka6 Qd3+ 46. Kb6 Qb3+ 47. Ka5 Qc4 48. Kb6 Qxa4 49. Kc5 Kg6 50. Kd5 f5 51. Kd6 f4 52. Ke5 f3 53. Ke6 f2 54. Ke5 f1=Q 55. Ke6 Qf6+ 56. Kd5 Qf5+ 57. Kd6 Qa6+ 58. Ke7 Qf7+ 59. Kd8 Qa8# 0-1

[Event "CYCC U12"]
[Site "Vancouver CAN"]
[Date "2012.07.05"]
[Round "6"]
[White "Shi, Jasper"]
[Black "Ju, Terrence"]
[Result "0-1"]
[WhiteElo "1088"]
[BlackElo "1268"]
[PlyCount "62"]
[GameId "2160767909508779"]
[EventDate "2012.07.03"]
[EventType "swiss"]
[EventRounds "7"]
[EventCountry "CAN"]
[SourceTitle "EXT 2022"]
[Source "ChessBase"]
[SourceDate "2021.10.06"]
[SourceVersion "1"]
[SourceVersionDate "2021.10.06"]
[SourceQuality "1"]

1. e4 c5 2. Nf3 d6 3. d4 cxd4 4. Nxd4 Nf6 5. Nc3 g6 6. Be3 Bg7 7. Bc4 O-O 8. Bb3 Nc6 9. f3 Bd7 10. Qd2 Rb8 11. O-O-O a6 12. g4 b5 13. Nd5 a5 14. Nxf6+ Bxf6 15. Nxc6 Bxc6 16. Bh6 Re8 17. Bd5 Bd7 18. Qf4 e6 19. Bf8 Bg5 20. Qxg5 Qxg5+ 21. Kb1 Rxf8 22. Bxe6 Bxe6 23. Rxd6 Qc5 24. Rd2 Qc4 25. b3 Qc3 26. Rf2 Rfd8 27. h4 Rd7 28. Rhf1 Rbd8 29. h5 a4 30. hxg6 fxg6 31. Rh1 a3 0-1